000 00763 a2200205 4500
001 54242
005 20260407155813.0
008 260407a1960 arg spa d
003 AR-UNSa-BCEJYS
040 _aAR-UNSa-BCEJYS
_bspa
_cAR-UNSa-BCEJYS
080 _a330.8
_xHistoria de las teorías, Doctrinas, Dogmas económicos (pensamiento económico)
245 1 0 _aEnsayos sobre el valor y la distribución
020 _a84-309-0438-7
264 1 _aMadrid :
_bTecnos
_c1960
300 _a213 p.
_c24 cm.
505 _a1. Teoría del equilibrio - 2. Teoría de la competencia imperfecta - 3. Teoría del bienestar - 4. Teoría del capital - 5. Teoría de la distribución
942 _cBK
590 _aniveau_biblio:m niveau_hierar:0
100 1 _aKaldor, Nicholas
999 _c5413
_d5413